Loading...
| Current Events | 1 | 0.00 | 100% | 0% | 0% |
| Fine Arts - Classical Music | 5 | 18.00 | 100% | 60% | 20% |
| Fine Arts - Other Fine Arts | 9 | 15.56 | 100% | 56% | 0% |
| Fine Arts - Painting & Sculpture | 6 | 16.67 | 67% | 67% | 33% |
| Geography | 2 | 20.00 | 100% | 100% | 0% |
| History - American History | 10 | 16.00 | 100% | 50% | 10% |
| History - European History | 7 | 14.29 | 100% | 43% | 0% |
| History - Other History | 10 | 13.00 | 90% | 40% | 0% |
| History - World History | 7 | 10.00 | 100% | 0% | 0% |
| Literature - American Literature | 10 | 17.00 | 100% | 60% | 10% |
| Literature - British Literature | 6 | 16.67 | 100% | 67% | 0% |
| Literature - European Literature | 11 | 12.73 | 100% | 46% | 0% |
| Literature - World Literature | 9 | 15.56 | 100% | 56% | 0% |
| Mythology | 7 | 18.57 | 100% | 86% | 0% |
| Other Academic | 3 | 10.00 | 100% | 0% | 0% |
| Philosophy | 9 | 22.22 | 100% | 89% | 33% |
| Religion | 4 | 7.50 | 75% | 0% | 0% |
| Science - Biology | 9 | 8.89 | 78% | 11% | 0% |
| Science - Chemistry | 6 | 15.00 | 83% | 50% | 17% |
| Science - Other Science | 8 | 16.25 | 88% | 63% | 13% |
| Science - Physics | 8 | 13.75 | 100% | 38% | 0% |
| Social Science | 11 | 12.73 | 82% | 36% | 9% |